El aprendizaje basado en problemas (ABP) en la educación jurídica y su aplicación en un ámbito multicultural (Registro nro. 21898)
[ vista simple ]
| 000 -LEADER | |
|---|---|
| fixed length control field | 00424 a2200121 4500 |
| 001 - CONTROL NUMBER | |
| control field | ART_58441 |
| 005 - DATE AND TIME OF LATEST TRANSACTION | |
| control field | 20260410161816.0 |
| 008 - FIXED-LENGTH DATA ELEMENTS--GENERAL INFORMATION | |
| fixed length control field | 260409a |
| 100 1# - MAIN ENTRY--PERSONAL NAME | |
| Personal name | Marotta, Julieta |
| 245 10 - TITLE STATEMENT | |
| Title | El aprendizaje basado en problemas (ABP) en la educación jurídica y su aplicación en un ámbito multicultural |
| 700 1# - ADDED ENTRY--PERSONAL NAME | |
| Personal name | Parise, Agustín |
| 773 0# - HOST ITEM ENTRY | |
| Title | Academia |
| Related parts | - Año 19, N° 38 (jul./dic. 2021) |
| Record control number | REV4314 |
No hay ítems disponibles.